000 01058nam a2200265Ia 4500
008 130821s1984 sp a gr spa
020 _a2865420068
040 _aCo-BoUCM
_bspa
041 0 0 _aspa
092 _aFMR 0133
100 1 _aBoussel, Patrice
_9166165
245 1 0 _aHistoria de la farmacia
_cPatrice Boussel, Henri Bonnemain, Frank J. Bové ; traducción al castellano de la 2a. ed. francesa supervisada por Ramón Jordi González
260 _aBarcelona (España)
_bEdiciones Doyma
_c1984
300 _a264 páginas
_bilustraciones (algunas en color)
500 _aLibro disponible en 48 horas a partir de la solicitud.
504 _aIncluye bibliografía e índice general.
650 0 4 _aFarmacia
_xHistoria
_915570
650 0 4 _aFarmacología
_915577
650 0 4 _aFarmacología
_xHistoria
_953711
650 0 4 _aMedicamentos
_xHistoria
_919122
700 1 _aBonnemain, Henri
_9166166
700 1 _aBové, Frank J.
_9166167
700 1 _aGonzález, Ramón Jordi
_etrad.
_9166168
942 _cLIBRO
_a15
_e1
_n0
_2DEWEY
_h615.109
999 _c64711
_d64711